| 000 | 00619cam a2200217 a 4500 | ||
|---|---|---|---|
| 999 |
_c4637 _d4637 |
||
| 001 | 1864925 | ||
| 003 | GZU | ||
| 005 | 20210317092322.0 | ||
| 008 | 820714s1980 rh 000 1 sna | ||
| 010 | _a 82127899 | ||
| 020 | _a0582613779 | ||
| 040 |
_aDLC _cDLC _dDLC |
||
| 050 | 0 | 0 |
_aPL8681 _bM9 1980 |
| 100 | 1 | _aHodza, Aaron C. | |
| 245 | 1 | 0 |
_aMwoyo muti : _bkupfimbana nokuroorana zvaikodza mwoyo / _cA.C. Hodza. |
| 260 |
_aSalisbury [Zimbabwe] : _bLongman, _c1980. |
||
| 300 |
_a98 p. ; _c22 cm. |
||
| 500 | _aIn Shona. | ||
| 906 |
_a7 _bcbc _corignew _d4 _encip _f19 _gy-gencatlg |
||
| 942 |
_2lcc _cBK _h8981 _iHOD _kPL1980 |
||